| 000 | 00559cam a22001697a 4500 | ||
|---|---|---|---|
| 008 | 180718b2003 xxu||||| |||| 00| 0 eng d | ||
| 020 | _a8185040710 | ||
| 082 | _aZ463x54 D354 | ||
| 245 |
_aEnabling agricultural markets for the small Indian farmer _cedited by Bibek Debroy and Amir Ullah Khan |
||
| 260 |
_aNew Delhi _bBookwell _c2003 |
||
| 300 | _a285p. | ||
| 650 | _aAgriculture and state --India | ||
| 650 | _aFarmers --India --Economic conditions | ||
| 650 | _aFarm produce --India --Marketing | ||
| 700 | _aKhan, Amir Ullah | ||
| 700 | _aDebroy, Bibek | ||
| 999 |
_c493715 _d493715 |
||